Eurázsia Expressz

Bibliográfiai részletek
Szerző: Czinczár Nikoletta
További közreműködők: Horváth Dr Annamária
Dokumentumtípus: Diplomadolgozat
Kulcsszavak:vasúti szállítmányozás
selyemút
Kühne Nagel
Online Access:http://dolgozattar.uni-bge.hu/13041

MARC

LEADER 00000nta a2200000 i 4500
001 dolg13041
005 20180307094102.0
008 171127suuuu hu om 000 hun d
040 |a BGE Dolgozattár Repozitórium  |b hun 
041 |a hu 
100 1 |a Czinczár Nikoletta 
245 1 0 |a Eurázsia Expressz  |c Czinczár Nikoletta  |h [elektronikus dokumentum] 
695 |a vasúti szállítmányozás 
695 |a selyemút 
695 |a Kühne Nagel 
700 1 |a Horváth Dr Annamária  |e ths 
856 4 0 |u http://dolgozattar.uni-bge.hu/13041/1/Czincz%C3%A1r%20Nikoletta%20Szakdolgozat.pdf  |z Dokumentum-elérés